000
00324nam a2200133Ia 4500
005
20260328104330.0
008
260328s9999||||xx |||||||||||||| ||und||
100
_a
Soan, Hazel
245
0
_a
Learn Watercolour Landscapes Quickly /
_c
Hazel Soan
260
_b
Batsford
300
_a
112 p.
650
_a
PINTURA
942
_c
BK
999
_c
11692
_d
11692